| 000 | 00841nam a22002537a 4500 | ||
|---|---|---|---|
| 999 |
_c7763 _d7763 |
||
| 003 | AR-CdUCM | ||
| 008 | 190321b ||||| |||| 00| 0 spa d | ||
| 020 | _a0 7513 6256 5 | ||
| 040 |
_aMUNICIPALIDAD PROVINCIAL DEL CUSCO _cBIBLIOTECA MUNICIPAL DEL CUSCO |
||
| 041 | _heng | ||
| 082 |
_a590.3 / _bB86 |
||
| 100 |
_aBlount, Kitty _921929 |
||
| 245 | _aGran enciclopedia de los animales / | ||
| 260 |
_aLima : _bAmereida, _c2001. |
||
| 300 |
_a368 páginas ; _bIlustraciones, _c29 cm. |
||
| 500 | _aTitulo original: Animal encyclopedia. Edición especial para su distribución con el diario Ojo. | ||
| 505 | _aVida de los animales -- Animales de la A a la Z. | ||
| 650 |
_aZoología _918986 |
||
| 650 |
_aAnimales _9917 |
||
| 650 |
_aEnciclopedias _96681 |
||
| 700 |
_aElphick, Jonathan _921930 |
||
| 942 |
_2ddc _cLIBROS |
||
| 945 | _aacv | ||